Alle Boden - Pokémon aufzählen - Statistiken

Allgemein
  • Dieses Quiz wurde 34 mal gespielt
  • Das Durchschnittsergebnis liegt bei 50 aus 79
Antwortstatistiken
# Nr. Pokémon % Korrekt
#075 Georok
100%
#076 Geowaz
100%
#074 Kleinstein
100%
#028 Sandamer
94%
#027 Sandan
94%
#111 Rihorn
89%
#050 Digda
83%
#051 Digdri
83%
#328 Knacklion
83%
#095 Onix
83%
#464 Rihornior
83%
#112 Rizeros
83%
#551 Ganovil
78%
#450 Hippoterus
78%
#344 Lepumentas
78%
#330 Libelldra
78%
#343 Puppance
78%
#553 Rabigator
78%
#208 Stahlos
78%
#329 Vibrava
78%
#383 Groudon
72%
#443 Kaumalat
72%
#445 Knakrack
72%
#444 Knarksel
72%
#105 Knogga
72%
#552 Rokkaiman
72%
#339 Schmerbe
72%
#104 Tragosso
72%
#340 Welsar
72%
#493 Arceus (Boden)
67%
#322 Camaub
67%
#232 Donphan
67%
#194 Felino
67%
#449 Hippopotas
67%
#221 Keifel
67%
#473 Mamutel
67%
#195 Morlord
67%
#034 Nidoking
67%
#031 Nidoqueen
67%
#231 Phanpy
67%
#220 Quiekel
67%
#323 Camerupt
61%
#645 Demeteros
61%
#259 Moorabbel
61%
#247 Pupitar
61%
#529 Rotomurf
61%
#207 Skorgla
61%
#260 Sumpex
61%
#537 Branawarz
56%
#389 Chelterrar
56%
#618 Flunschlik
56%
#246 Larvitar
56%
#536 Mebrana
56%
#290 Nincada
56%
#472 Skorgro
56%
#530 Stalobor
56%
#413 Burmadame (Sandumhang)
50%
#770 Colossand
50%
#990 Eisenrad
50%
#423 Gastrodon
50%
#622 Golbit
50%
#623 Golgantes
50%
#750 Pampross
50%
#749 Pampuli
50%
#984 Riesenzahn
50%
#769 Sankabuh
50%
#773 Amigento (Boden)
44%
#660 Grebbit
44%
#843 Salanga
44%
#844 Sanaconda
44%
#718 Zygarde
44%
#989 Sandfell
39%
#980 Suelord
39%
#1003 Dinglu
33%
#562 Galar - Makabaja
28%
#867 Oghnatoll
28%
#948 Tentagra
22%
#949 Tenterra
22%
#901 Ursaluna
22%
Keine übereinstimmenden Quizze gefunden
Verteilung der Resultate
Anzahl Personen mit jedem Resultat
Perzentil nach korrekt beantworteten Fragen
Ihre Resultats-Entwicklung
Sie haben dieses Quiz noch nicht gespielt